| 000 | 00506nam a2200181Ia 4500 | ||
|---|---|---|---|
| 005 | 20250923144404.0 | ||
| 008 | 008 250917s9999 xx 000 0 eng d | ||
| 037 | _aTextual | ||
| 040 |
_aDSWL _beng _cDSWL |
||
| 041 |
_aeng _2eng |
||
| 084 |
_aXA:2:N4, H3 _qDSWL |
||
| 100 |
_aRao, VKRV _9824396 |
||
| 245 | 0 |
_aWar and Indian economy _cby VKRV Rao |
|
| 260 |
_aAllahabad _bKitabistan _c1943 |
||
| 300 | _a272 p. | ||
| 942 |
_cTEXL _hXA:2:N4, H3 |
||
| 999 |
_c1438238 _d1438238 |
||